| 000 | 00893cam a22002411i 4500 | ||
|---|---|---|---|
| 001 | hew61000070 | ||
| 003 | DLC | ||
| 005 | 20260227111511.0 | ||
| 008 | 780530s1961 dcua f000 0 eng c | ||
| 010 | _ahew61000070 | ||
| 035 | _a(OCoLC)3936602 | ||
| 040 |
_aU. S. Dept. of Health, Education, and Welfare. Library _cDNIE _dOCoLC _dDLC |
||
| 042 | _apremarc | ||
| 050 | 0 | 0 |
_aLB3209 _b.T28 |
| 100 | 1 | _aTaylor, James L. | |
| 245 | 1 | 0 |
_aFunctional schools for young children / _c[by] James L. Taylor, Lillian L. Gore [and] Hazel F. Gabbard. |
| 260 |
_a[Washington] : _bU.S. Dept. of Health, Education, and Welfare, Office of Education, _c[1961] |
||
| 300 |
_aviii, 81 p. : _bill., tables. |
||
| 410 | 1 | 0 |
_aUnited States. _bOffice of Education. _tSpecial publication ; _vno. 8 |
| 500 | _a"OE-21006." | ||
| 504 | _a"Selected references: p. 71-75." | ||
| 650 | 0 |
_aSchool buildings _zUnited States. |
|
| 999 |
_c34305 _d34305 |
||